| 000 | 00704nam a22002417a 4500 | ||
|---|---|---|---|
| 003 | OSt | ||
| 005 | 20220107122716.0 | ||
| 008 | 130529b xxu||||| |||| 00| 0 eng d | ||
| 020 | _a9788126523153 | ||
| 040 | _cIIITM-K | ||
| 082 | _a510.02462 MON/A | ||
| 100 |
_aMontgomery, Douglas C _9802 |
||
| 245 |
_aApplied statistics and probability for engineers _cby Douglas C Montgomery, George C Runger |
||
| 250 | _a4th ed. | ||
| 260 |
_aNew Delhi, _bWiley, _c2007. |
||
| 300 | _axvi, 705, A-44, G-11, E-2p. | ||
| 650 |
_aMATHEMATICS _9803 |
||
| 650 |
_aENGINEERING MATHEMATICS _91136 |
||
| 650 |
_aSTATISTICS _9804 |
||
| 650 |
_aPROBABILITY _9806 |
||
| 700 |
_aRunger, George C _9807 |
||
| 942 |
_2ddc _cBK |
||
| 999 |
_c3051 _d3051 |
||